000 nam a22 7a 4500
999 _c15384
_d15384
008 161031b xxu||||| |||| 00| 0 eng d
020 _a9780324163704
050 _aHB 171.5 .A76 2004
100 _aArnold, Roger A.
_d2004
245 _aEconomics/
_cRoger A. Arnold
250 _a6th ed
260 _aAustralia:
_bThomson,
_c2004.
300 _axxv,858p.:
_bill.;
521 _aIncludes index.
942 _2lcc
_cBOOKS
_hHB 171.5 .A76 2004
_01